000 00272nam a2200097Ia 4500
001 760523
005 20250826165150.0
008 250824s9999 xx 000 0 und d
245 0 _aMÜSLÜMAN HALKLAR ANSİKLOPEDİSİ-1
_cYazar Adı Belirtilmemiş
260 _bİNSAN YAYINLARI
999 _c760523
_d760523